| 000 | 00880nam2a2200241 4500 | ||
|---|---|---|---|
| 001 | RU\NLR\b_ik\94671 | ||
| 005 | 20250616224838.0 | ||
| 010 | _a5-8112-0211-3 | ||
| 010 |
_a5-8112-0166-4 _97000 |
||
| 035 | _a(NLR Aleph) 002168665 | ||
| 090 |
_a2624196 _c2624196 |
||
| 100 | _a20030213d2002 |||y0rusy50 ca | ||
| 101 | 0 | _aeng | |
| 102 | _aRU | ||
| 105 | _aa ||||||||| | ||
| 200 | 1 |
_aThe two towers _hvol. 1 |
|
| 210 |
_d2002 _aБ. м. |
||
| 215 |
_a216, [1] с. _cил. |
||
| 461 | 0 |
_1001RU\NLR\b_ik\89536 _12001#$aThe Lord of the rings$fJ.R.R. Tolkien$g[Коммент. Е.В. Гвоздковой]$vB. 4$90 _1700#1$aTolkien$bJ. R.R.$4070$f1892-1973$gJohn Ronald Reuel _92558722 _aTolkien, J. R.R. (1892-1973) _cМ. _d2002 _fJ.R.R. Tolkien _nАйрис-Пресс _tThe Lord of the rings _vB. 4$90 |
|
| 801 | 0 |
_aRU _bNLR _c20030213 _gPSBO |
|
| 942 | _cBOOK | ||
| 980 | _aNB | ||